Grootste steden in China - Statistieken

Algemene statistieken
  • Deze quiz is 107 keer genomen
  • De gemiddelde score is 8 van 20
Antwoordstatistieken
Bevolking Stad % Correct
19.8 m Peking
98%
33.6 m Shanghai area * met ook Suzhou, Wuxi
87%
46.7 m Guangzhou area * met ook Shenzhen, Donguan
80%
7.50 m Hong Kong
78%
9.05 m Wuhan
65%
6.95 m Xi'an
50%
12.7 m Tianjin
44%
10.0 m Xiamen
43%
9.60 m Chengdu
39%
6.60 m Nanjing
33%
8.15 m Chongqing
31%
5.10 m Harbin
31%
8.45 m Hangzhou
30%
6.10 m Qingdao
24%
4.95 m Zhengzhou
24%
8.00 m Shenyang
22%
5.35 m Wenzhou
22%
4.95 m Hefei
19%
4.93 m Changsha
17%
7.65 m Shantou
11%
Geen overeenkomende quizzen gevonden
Scoreverdeling
Procent van Mensen met Elke Score
Percentiel versus Aantal Correcte Antwoorden
Uw Scoregeschiedenis
U heeft deze quiz nog niet genomen